| 000 | 01199nam a22002775a 4500 | ||
|---|---|---|---|
| 999 |
_c25926 _d25898 |
||
| 003 | OSt | ||
| 005 | 20190616140455.0 | ||
| 008 | 180111s2016 ua frbd 000 0 ara d | ||
| 017 | _a2016 / 5515 | ||
| 040 |
_aEG-ScBUE _bara _cEG-ScBUE |
||
| 082 | 0 | 4 |
_a303.625 _bص د ي _222 |
| 100 | 1 |
_aصديق، رامي عطا، _d1977- |
|
| 245 | 1 | 2 |
_aالإعلام ومواجهة الإرهاب : _bدليل مصطلحات / _cتقديم حلمي النمنم، هويدا مصطفى، محمود مراد ؛ إعداد رامي عطا صديق، فاطمة شعبان أبو الحسن. |
| 250 | _aط. 1. | ||
| 260 |
_aالشروق، مصر : _bالمعهد الدولي العالي للإعلام : _bأكاديمية الشروق، _c2016. |
||
| 300 |
_a248 ص. ؛ _c24 سم. |
||
| 541 |
_aدكتور محمد شومان ؛ _cإهداء ؛ |
||
| 650 | 7 |
_aالإرهاب في وسائل الإعلام. _2BUEsh |
|
| 651 | _2BUEsh | ||
| 653 |
_bCOMAME _cJanuary2018 |
||
| 700 | 1 | _aأبو الحسن، فاطمة شعبان. | |
| 700 | 1 |
_aنمنم، حلمي، _eمقدم. |
|
| 700 | 1 |
_aمصطفى، هويدا، _eمقدم. |
|
| 700 | 1 |
_aمراد، محمود، _eمقدم. _940895 |
|
| 942 | _2ddc | ||